| 000 | 00640nam a22001817a 4500 | ||
|---|---|---|---|
| 005 | 20240709155755.0 | ||
| 008 | 090826t xxu||||| |||| 00| 0 eng d | ||
| 010 | _aENG-140857 | ||
| 020 |
_a9789356068056 _c649.00 |
||
| 035 | _aEN-124389 | ||
| 082 | _a616.994061 | ||
| 100 |
_aby Parvathi, V Deepa _963720 |
||
| 245 |
_a Cancer Biology/ _cBy parvati, V.D |
||
| 260 |
_bPearson _auttar Pradesh _c2023 |
||
| 270 |
_a1st Floor, Berget Tower,Plot No.C-001A\2,Sector16B _bNoida _e201301 |
||
| 300 |
_axviii,233pg; _c24cm(pbk) |
||
| 942 |
_2ddc _cEN _h616.994061 _mPAR |
||
| 999 |
_c204085 _d204085 |
||